Informačné technológie so zameraním na cloud computing – analýza výhod a nevýhod

Traja najväčší poskytovatelia cloudu a to Amazon Web Services, Microsoft Azure a Google Cloud Platform. Výhody a nevýhody cloudovej služby uvedených spoločností, so zameraním sa na jednu konkrétnu službu, ktorú poskytujú všetci traja poskytovatelia. Definovanie cloudu. Modely služieb cloud computing...

Descripción completa

Guardado en:
Detalles Bibliográficos
Autor principal: Szivósová, Mária, 1958-
Formato: Capítulo de libro
Lenguaje:eslovaco
Materias:
Etiquetas: Agregar Etiqueta
Sin Etiquetas, Sea el primero en etiquetar este registro!

MARC

LEADER 00000naa a2200000 4500
001 0264101
005 20240502074205.7
041 0 |a slo 
044 |a SK 
245 1 0 |a Informačné technológie so zameraním na cloud computing – analýza výhod a nevýhod  |c Mária Szivósová 
520 |a Traja najväčší poskytovatelia cloudu a to Amazon Web Services, Microsoft Azure a Google Cloud Platform. Výhody a nevýhody cloudovej služby uvedených spoločností, so zameraním sa na jednu konkrétnu službu, ktorú poskytujú všetci traja poskytovatelia. Definovanie cloudu. Modely služieb cloud computingu. 
610 2 0 |a cloud computing 
610 2 0 |a služby 
610 2 0 |a výhody konkurenčné 
610 2 0 |a dáta 
610 2 0 |a technológie informačné 
100 1 |a Szivósová, Mária, 1958-